| 000 | 00613nam a2200241Ia 4500 | ||
|---|---|---|---|
| 008 | 160803s9999 xx 000 0 und d | ||
| 020 | _a9780439699457 | ||
| 100 | _aKoss, Amy Goldman | ||
| 245 | 4 | _aThe cheat / | |
| 245 | _cAmy Goldman Koss. | ||
| 260 | _aNew York : | ||
| 260 | _bScholastic Inc. | ||
| 260 | _c2003 | ||
| 300 | _a176 pages ; | ||
| 300 | _c20 cm | ||
| 650 | _aCheating (Education) -- | ||
| 650 | _aSchool children -- Conduct of life -- | ||
| 650 | _aSchools -- | ||
| 650 | _xJuvenile fiction. | ||
| 650 | _xJuvenile fiction. | ||
| 650 | _xJuvenile fiction. | ||
| 700 | _a620 | ||
| 999 |
_c299611 _d299611 |
||